000
00276nam a2200121Ia 4500
008
240624s9999 xx 000 0 und d
041
_a
eng
082
_a
150 BOW
100
_a
BOWDON TOM BUTLER
245
_a
50 PHYCHOLOGY CLASSICS
260
_a
Publishing
365
_c
RS
_b
25
999
_c
32535
_d
32535